书目信息 |
| 题名: |
灭火剂与灭火器
|
|
| 作者: | 徐晓楠 编著 ;中国消防协会学术工作委员会 组织编写 | |
| 分册: | ||
| 出版信息: | 北京 化学工业出版社 2006.01 |
|
| 页数: | 332页 | |
| 开本: | 21cm | |
| 丛书名: | 实用消防安全丛书 | |
| 单 册: | ||
| 中图分类: | TQ569 | |
| 科图分类: | ||
| 主题词: | 灭火器--mie huo qi--消防设备 , 灭火剂--mie huo ji--消防设备 | |
| 电子资源: | ||
| ISBN: | 7-5025-6681-3 | |
| 000 | 01136nam 2200277 450 | |
| 001 | 012006255337 | |
| 005 | 20060701101514.95 | |
| 010 | @a7-5025-6681-3@dCNY24.00 | |
| 100 | @a20060610d2006 km y0chiy0120 ea | |
| 101 | 0 | @achi |
| 102 | @aCN@b110000 | |
| 105 | @aa a 000yy | |
| 200 | 1 | @a灭火剂与灭火器@Amie huo ji yu mie huo qi@f徐晓楠编著@Fxu xiao nan bian zhu@g中国消防协会学术工作委员会组织编写@Gzhong guo xiao fang xie hui xue shu gong zuo wei yuan hui zu zhi bian xie |
| 210 | @a北京@c化学工业出版社@d2006.01 | |
| 215 | @a332页@c图@d21cm | |
| 225 | 2 | @a实用消防安全丛书@Ashi yong xiao fang an quan cong shu |
| 320 | @a有书目。 | |
| 330 | @a本书共分三章,主要介绍了灭火的基本理论、各类灭火剂的特性、灭火器及其使用、各类灭火剂及灭火器的产品标准和试验方法。 | |
| 410 | 0 | @12001 @a实用消防安全丛书 |
| 606 | 0 | @a灭火器@Amie huo qi@x消防设备 |
| 606 | 0 | @a灭火剂@Amie huo ji@x消防设备 |
| 690 | @aTQ569@v4 | |
| 701 | 0 | @a徐晓楠@Axu xiao nan@4编著 |
| 712 | 02 | @a中国消防协会学术工作委员会@Azhong guo xiao fang xie hui xue shu gong zuo wei yuan hui@4组织编写 |
| 801 | 0 | @aCN@bQSSK@c20060701 |
| 905 | @a10447@dTQ569@eX824 | |
| 灭火剂与灭火器/徐晓楠编著/中国消防协会学术工作委员会组织编写.-北京:化学工业出版社,2006.01 |
| 332页:图;21cm.-(实用消防安全丛书) |
| ISBN 7-5025-6681-3:CNY24.00 |
| 本书共分三章,主要介绍了灭火的基本理论、各类灭火剂的特性、灭火器及其使用、各类灭火剂及灭火器的产品标准和试验方法。 |
| ● |
| 相关链接 |
|
|
|
正题名:灭火剂与灭火器
索取号:TQ569/X824
 
预约/预借
| 序号 | 登录号 | 条形码 | 馆藏地/架位号 | 状态 | 备注 |
| 1 | 581988 | 205819881 | 自科库501/201建筑库 140排2列1层/ [索取号:TQ569/X824] | 在馆 | |
| 2 | 581989 | 205819890 | 自科库501/201建筑库 140排2列1层/ [索取号:TQ569/X824] | 在馆 | |
| 3 | 581990 | 205819907 | 自科二线404/404自科库 7排6列1层/ [索取号:TQ569/X824] | 在馆 |